Puente de arco de cuatro vías
Gespeichert in:
| 1. Verfasser: | |
|---|---|
| Format: | Unbekannt |
| Veröffentlicht: |
[San José, Costa Rica]
1958
|
| Schlagworte: | |
| Tags: |
Tag hinzufügen
Keine Tags, Fügen Sie den ersten Tag hinzu!
|
MARC
| LEADER | 00000 a2200000 4500 | ||
|---|---|---|---|
| 003 | 011048 | ||
| 005 | 20231120113401.0 | ||
| 008 | 140114s1958 c a m 000 ||s d | ||
| 040 | |c cru CEDI | ||
| 090 | |a TFG 094 | ||
| 100 | |a Charpentier García, Ricardo |9 17208 | ||
| 245 | |a Puente de arco de cuatro vías | ||
| 260 | |a [San José, Costa Rica] |c 1958 | ||
| 300 | |a 84 hojas : gráficos (color), plano (color y plegables) ; 29 cm. | ||
| 500 | |a Tesis (Ingeniero Civil) Universidad de Costa Rica. | ||
| 501 | |a Ed. mecanografiada. | ||
| 650 | |x PUENTES |9 17210 | ||
| 942 | |c TFG |h TFG 094 |i 011048 |6 TFG_094_011048000000000 | ||
| 999 | |c 11981 |d 11981 | ||
